| 000 | 00737 a2200217 4500 | ||
|---|---|---|---|
| 010 | _aENG-85909 | ||
| 020 |
_a8125030661 _c795.00 |
||
| 035 | _aEN-69442 | ||
| 037 | _bD.B.Act / Pub | ||
| 082 | 1 | 4 | _a370.190954 |
| 090 |
_c3715 _d3715 |
||
| 245 | 1 |
_aEducation and social change in south Asia _cedited by krishna Kumar and Joachim Oesterheld |
|
| 260 |
_aChennai _bOrient Longman _c2007 |
||
| 270 |
_a160, Anna Salai _bChennai _e600 002 _mchegeneral@orientlongman.com |
||
| 300 |
_axi, 513 p. _b22 cm ( Hb.) |
||
| 500 | _aIncludes index | ||
| 700 | 1 | _aKrishna Kumar | |
| 700 | 1 | _dOesterheld, Joachim | |
| 942 |
_adpl _cEN _k370.190954 / EDU |
||
| 999 |
_c3637 _d3637 |
||